000 00480nam a22001937a 4500
003 NUST - PNEC
005 20170116180801.0
008 150414b xxu||||| |||| 00| 0 eng d
020 _a8171512720
040 _cLIBRARY
082 _a297 MUN
100 _92551
_aMunir, Muhammad.
245 _aIslam in history
_c Muhammad Munir
250 _a-
260 _aIndia :
_bNew Delhi
_cc 1999.
300 _a253 p.:
650 _92552
_aIslam in history
_xIslam
942 _2ddc
_cBK
999 _c62976
_d62976